000 00606nam a2200193Ia 4500
003 GCL
008 140319s9999 xx 000 0 ara d
040 _aGCL /
_cGCL
082 0 4 _a813.008
_bم ع
100 1 _aمحمود البدوى
245 1 0 _aالعذراء و الليل /
_cمحمود البدوى
260 _a[S.N] :
_bالهيئة المصرية العامة للكتاب ،
_c1985
300 _a320 ص
490 _aمؤلفات محمود البدوى
_v0
650 0 4 _aالادب العربى
650 0 4 _aالقصص العربية
650 0 4 _aالمجموعات
942 _2ddc
_cBK
999 _c28361
_d28361